Κατάλογος Βιβλιοθηκών Mediterranean College

Διαταραχές Διαγωγής στην Παιδική και Εφηβική Ηλικία (Record no. 5952)

MARC details
000 -LEADER
fixed length control field 02290cam a22002174a 4500
005 - ΗΜΕΡΟΜΗΝΙΑ ΚΑΙ ΩΡΑ ΤΕΛΕΥΤΑΙΑΣ ΕΝΗΜΕΡΩΣΗΣ
Πεδίο ελέγχου 20250605164226.0
008 - FIXED-LENGTH DATA ELEMENTS--GENERAL INFORMATION
Πεδίο ελέγχου σταθερού μήκους 250528s ||||||||||||||||||||||||d
035 ## - SYSTEM CONTROL NUMBER
System control number 20871
020 ## - ISBN
ISBN 9789603949190
040 ## - ΠΗΓΗ ΚΑΤΑΛΟΓΟΓΡΑΦΗΣΗΣ
Φορέας πρωτότυπης καταλογογράφησης MC Athens Campus Library
Γλώσσα καταλογογράφησης Ελληνικά, Μοντέρνα (1453-)
Modifying agency MC Athens Campus Library
Κανόνες περιγραφικής καταλογογράφησης AACR2
245 1# - ΤΙΤΛΟΣ ΚΑΙ ΔΗΛΩΣΗ ΥΠΕΥΘΥΝΟΤΗΤΑΣ
Τίτλος Διαταραχές Διαγωγής στην Παιδική και Εφηβική Ηλικία
260 ## - PUBLICATION, DISTRIBUTION, ETC.
Name of publisher, distributor, etc. Εκδόσεις Παρισιάνου,
Date of publication, distribution, etc. 2013
300 ## - PHYSICAL DESCRIPTION
Extent 568
520 ## - SUMMARY, ETC.
Summary, etc. Αυτό το βιβλίο παρουσιάζει θεμελιώδεις και καινοτόμες απόψεις σχετικά με τις διαταραχές αγωγής. Πρόλογος, Κακή Συμπεριφορά: Ιστορική Αναδρομή στις Διαταραχές Διαγωγής, Η Μελέτη της Φυσιολογικής Συμπεριφοράς στην Κατανόηση των Διαταραχών Διαγωγής, Νευρολογικοί Μηχανισμοί που Διέπουν την Επιθετική Συμπεριφορά, Βιοκοινωνικές Επιδράσεις στην Αντικοινωνική Συμπεριφορά κατά την Παιδική Ηλικία, Διαταραχή Διαγωγής: Ένα γενικό πλαίσιο, Γενετικές Επιδράσεις στις Διαταραχές Διαγωγής, Ο Ρόλος των Νευροψυχολογικών Ελλειμάτων στις Διαταραχές Συμπεριφοράς, Αντιληπτικές και Παραγωγικές Διεργασίες στα Προβλήματα Επιθετικότητας και Διαγωγής, Προσκόλληση και Προβλήματα Διαγωγής, Φίλοι και Φιλίες και Διαταραχές Διαγωγής, Η Θεραπεία των Διαταραχών Διαγωγής, Οικονομική Προσέγγιση των Διαταραχών Διαγωγής, Ανατροφή Αντικοινωνικών Παιδιών, Διαταραχές Διαγωγής: Μελλοντικές Κατευθύνσεις, Ευρετήριο.
700 1# - ΠΡΟΣΘΕΤΗ ΑΝΑΓΡΑΦΗ--ΦΥΣΙΚΟ ΠΡΟΣΩΠΟ
Personal name Hill Jonatnan
9 (RLIN) 6845
700 1# - ΠΡΟΣΘΕΤΗ ΑΝΑΓΡΑΦΗ--ΦΥΣΙΚΟ ΠΡΟΣΩΠΟ
Personal name Maughan Barbara
9 (RLIN) 6846
700 1# - ΠΡΟΣΘΕΤΗ ΑΝΑΓΡΑΦΗ--ΦΥΣΙΚΟ ΠΡΟΣΩΠΟ
Personal name Τσίτσας Γεώργιος
9 (RLIN) 6847
942 ## - ADDED ENTRY ELEMENTS (KOHA)
Koha item type Books
Holdings
Τύπος τεκμηρίου Βιβλιοθήκη Τρέχουσα τοποθεσία Barcode Αριθμός εισαγωγής Ημερομηνία απόκτησης Ταξιθετικό σύμβολο Αριθμός αντιτύπου Κατάσταση απόσυρσης Κατάσταση χαμένου Κατάσταση κατεστραμμένου Μη δανεισμός Σύνολο δανεισμών Ημερομηνία τελευταίας εμφάνισης Η τιμή ισχύει από
Books MC Athens Campus Library MC Athens Campus Library 9780000059512 6519 05/06/2025 371.90973 HIL 1           05/06/2025 05/06/2025

MC Athens Campus Library
Πατησίων 94 & Κοδριγκτώνος 13, 104 34
Πελλήνης 8 & Πατησίων 107, 112 51
Τ: +30 210 8899600

MC Thessaloniki Campus Library
Ίωνος Δραγούμη 21, 54625 | Ίωνος Δραγούμη 15, 54625
Τ: +30 2310 287779 – Τ: +30 2314 440300